<?xml version="1.0" encoding="UTF-8"?>
<collection xmlns="http://www.loc.gov/MARC21/slim">
 <record>
  <leader>08076cam a2200877   4500</leader>
  <controlfield tag="001">827774036</controlfield>
  <controlfield tag="003">DE-627</controlfield>
  <controlfield tag="005">20241008113213.0</controlfield>
  <controlfield tag="007">tu</controlfield>
  <controlfield tag="008">150622s2015    gw |||||      00| ||ger c</controlfield>
  <datafield tag="020" ind1=" " ind2=" ">
   <subfield code="a">9783487152295</subfield>
   <subfield code="9">978-3-487-15229-5</subfield>
  </datafield>
  <datafield tag="035" ind1=" " ind2=" ">
   <subfield code="a">(DE-627)827774036</subfield>
  </datafield>
  <datafield tag="035" ind1=" " ind2=" ">
   <subfield code="a">(DE-576)435316249</subfield>
  </datafield>
  <datafield tag="035" ind1=" " ind2=" ">
   <subfield code="a">(DE-599)GBV827774036</subfield>
  </datafield>
  <datafield tag="035" ind1=" " ind2=" ">
   <subfield code="a">(OCoLC)915367148</subfield>
  </datafield>
  <datafield tag="035" ind1=" " ind2=" ">
   <subfield code="a">(OCoLC)915367148</subfield>
  </datafield>
  <datafield tag="035" ind1=" " ind2=" ">
   <subfield code="a">(OCoLC)930034847</subfield>
  </datafield>
  <datafield tag="040" ind1=" " ind2=" ">
   <subfield code="a">DE-627</subfield>
   <subfield code="b">ger</subfield>
   <subfield code="c">DE-627</subfield>
   <subfield code="e">rda</subfield>
  </datafield>
  <datafield tag="041" ind1=" " ind2=" ">
   <subfield code="a">ger</subfield>
  </datafield>
  <datafield tag="044" ind1=" " ind2=" ">
   <subfield code="c">XA-DE-NI</subfield>
   <subfield code="c">XA-CH</subfield>
   <subfield code="c">XD-US</subfield>
  </datafield>
  <datafield tag="050" ind1=" " ind2="0">
   <subfield code="a">ND623.B9</subfield>
  </datafield>
  <datafield tag="082" ind1="0" ind2=" ">
   <subfield code="a">759.45</subfield>
   <subfield code="q">DE-101</subfield>
   <subfield code="2">22/ger</subfield>
  </datafield>
  <datafield tag="082" ind1="0" ind2="4">
   <subfield code="a">750</subfield>
   <subfield code="a">720</subfield>
   <subfield code="q">DE-101</subfield>
  </datafield>
  <datafield tag="082" ind1="0" ind2="4">
   <subfield code="a">700</subfield>
  </datafield>
  <datafield tag="084" ind1=" " ind2=" ">
   <subfield code="a">9,10</subfield>
   <subfield code="2">ssgn</subfield>
  </datafield>
  <datafield tag="084" ind1=" " ind2=" ">
   <subfield code="a">LI 59409</subfield>
   <subfield code="2">rvk</subfield>
   <subfield code="0">(DE-625)rvk/96649:13214</subfield>
  </datafield>
  <datafield tag="084" ind1=" " ind2=" ">
   <subfield code="a">21.11</subfield>
   <subfield code="2">bkl</subfield>
  </datafield>
  <datafield tag="084" ind1=" " ind2=" ">
   <subfield code="a">21.70</subfield>
   <subfield code="2">bkl</subfield>
  </datafield>
  <datafield tag="084" ind1=" " ind2=" ">
   <subfield code="a">20.31</subfield>
   <subfield code="2">bkl</subfield>
  </datafield>
  <datafield tag="090" ind1=" " ind2=" ">
   <subfield code="a">a</subfield>
  </datafield>
  <datafield tag="100" ind1="1" ind2=" ">
   <subfield code="a">Herzner, Volker</subfield>
   <subfield code="d">1940-</subfield>
   <subfield code="e">VerfasserIn</subfield>
   <subfield code="0">(DE-588)173008674</subfield>
   <subfield code="0">(DE-627)697933903</subfield>
   <subfield code="0">(DE-576)133861791</subfield>
   <subfield code="4">aut</subfield>
  </datafield>
  <datafield tag="245" ind1="1" ind2="4">
   <subfield code="a">Die Sixtinische Decke</subfield>
   <subfield code="b">warum Michelangelo malen durfte, was er wollte</subfield>
   <subfield code="c">Volker Herzner</subfield>
  </datafield>
  <datafield tag="264" ind1=" " ind2="1">
   <subfield code="a">Hildesheim</subfield>
   <subfield code="a">Zürich</subfield>
   <subfield code="a">New York</subfield>
   <subfield code="b">Georg Olms Verlag</subfield>
   <subfield code="c">2015</subfield>
  </datafield>
  <datafield tag="300" ind1=" " ind2=" ">
   <subfield code="a">354 Seiten</subfield>
   <subfield code="b">Illustrationen</subfield>
   <subfield code="c">25 cm</subfield>
  </datafield>
  <datafield tag="336" ind1=" " ind2=" ">
   <subfield code="a">Text</subfield>
   <subfield code="b">txt</subfield>
   <subfield code="2">rdacontent</subfield>
  </datafield>
  <datafield tag="337" ind1=" " ind2=" ">
   <subfield code="a">ohne Hilfsmittel zu benutzen</subfield>
   <subfield code="b">n</subfield>
   <subfield code="2">rdamedia</subfield>
  </datafield>
  <datafield tag="338" ind1=" " ind2=" ">
   <subfield code="a">Band</subfield>
   <subfield code="b">nc</subfield>
   <subfield code="2">rdacarrier</subfield>
  </datafield>
  <datafield tag="490" ind1="1" ind2=" ">
   <subfield code="a">Studien zur Kunstgeschichte</subfield>
   <subfield code="v">Band 205</subfield>
  </datafield>
  <datafield tag="500" ind1=" " ind2=" ">
   <subfield code="a">Literaturverzeichnis: Seite 325 - 353</subfield>
  </datafield>
  <datafield tag="505" ind1="8" ind2="0">
   <subfield code="a">Vorwort -- Der Auftrag -- Michelangelos Flucht aus Rom -- Der Riss in der Decke der Sixtinischen Kapelle -- Die Rolle Bramantes -- Die Zumutung des Auftrags -- Michelangelos erste Entwürfe -- Der ursprüngliche Auftrag als &quot;cosa povera&quot; -- Michelangelos Freiheit -- Michelangelos Vorarbeiten für die Sixtinische Decke -- Das Problem eines päpstlichen Programmentwerfers -- Der Papst und Michelangelos Programmentwurf -- Michelangelo und die Malermi-Bibeln in Volgare -- Das Gewölbe als Bildträger -- Der Genesis-Zyklus -- Die Erschaffung der Welt -- Die Erschaffung von Sonne und Mond -- Die Trennung von Land und Wasser -- Ein neoplatonischer Schöpfergott? -- Die Erschaffung Adams -- Das Menschenbild des Humanismus -- Die Inkarnationstheologie -- Die Theologie der Humanisten -- Rückbesinnung auf die Allmacht Gottes -- Formale Vorbilder -- Die Erschaffung Evas -- Der Sündenfall -- Adam als der erste Sünder -- Die Vertreibung aus dem Paradies -- Die Anordnung der Genesisszenen -- Die Geschichte Noahs -- Die Sintflut -- Die Trunkenheit Noahs -- Michelangelos Christentum -- Die Bedeutung Savonarolas für Michelangelo -- Savonarolas Theologie -- Savonarola -- Savonarola als konservativer Theologe -- Michelangelos Verhältnis zu Savonarola -- Von Savonarola beeinflusste Werke Michelangelos -- Savonarolas &quot;Einfachheit&quot; und Michelangelo -- Savonarola in der bisherigen Michelangelo-Forschung -- Neoplatonische Deutungen der Sixtinischen Decke -- Typologische Deutungen des Genesis-Zyklus -- Kriterien typologischen Denkens -- Das Kriterium der Anschaulichkeit und Verständlichkeit -- Deutungen gegen die Anschaulichkeit -- Die Erschaffung Evas als Geburt der Kirche? -- Die Sintflut als Taufe? -- Noah und der Wein -- Die Propheten und Sibyllen -- Der Betrachterstandpunkt -- Die Abfolge der Ausführung -- Die Unterbrechung der Arbeiten -- Die Sehergestalten und das architektonische Gerüst der Kapelle -- Die Entscheidung für die Propheten und Sibyllen -- Die Christianisierung der Sibyllen -- Die Humanisten und die Sibyllen -- Die &quot;goldene Zeit&quot; der Sibyllenmalerei -- Die Sibyllen im Dom zu Siena -- Sibyllen in Kapellengewölben -- Die Sibyllen der Sixtinischen Kapelle -- Die Sibyllen Michelangelos -- Die Abfolge der sixtinischen Sibyllen -- Die Delphica -- Die Erythräa -- Die Cumäa -- Die Persica -- Die Libyca -- Die sixtinischen Propheten -- Zacharias -- Joel -- Jesaias -- Ezechiel -- Daniel -- Jeremias -- Jonas -- Die vier Errettungen des auserwählten Volkes -- Davids Sieg über Goliath -- Judith und Holofernes -- Bestrafung Hamans -- Die Eherne Schlange -- Haben die vier Errettungen eine &quot;eigentliche geistliche&quot; Bedeutung? -- Die Vorfahren Christi -- Probleme der Forschung -- Gründe für den Zyklus der Vorfahren -- Abfolge des Vorfahren-Zyklus -- Gestalterische Unterschiede -- Anregungen Savonarolas? -- Die Stichkappen -- Das Judenzeichen -- Die Ignudi -- Die Eichengirlanden der Ignudi -- Ein Goldenes Zeitalter? -- Die Ignudi als Engel und Cherubim? -- Die Ignudi als homoerotische Idealgestalten -- Sodomie am päpstlichen Hof -- Francesco Alidosi, der &quot;Ganymed&quot; des Papstes -- Der männliche Akt in Michelangelos Kunst -- Der männliche Akt als Norm des schönen Menschen -- Homoerotische Künstler der Renaissance -- Michelangelo und der neoplatonische Eros -- Michelangelos homoerotische Orientierung -- Michelangelos Sündenbewusstsein -- Savonarolas Kampf gegen die Sodomie -- Michelangelos Bild vom erlösungsbedürftigen Menschen -- Appendix -- Eine Abschreibung und zwei frühe Werke Michelangelos -- Die &quot;Madonna della Scala&quot; -- Der &quot;Bacchus&quot; -- Der &quot;David&quot; -- Literaturverzeichnis -- Bildnachweis.</subfield>
  </datafield>
  <datafield tag="583" ind1="1" ind2=" ">
   <subfield code="a">Archivierung/Langzeitarchivierung gewährleistet</subfield>
   <subfield code="f">PENI</subfield>
   <subfield code="x">XA-DE-NI</subfield>
   <subfield code="2">pdager</subfield>
   <subfield code="5">DE-35</subfield>
  </datafield>
  <datafield tag="583" ind1="1" ind2=" ">
   <subfield code="a">Archivierung/Langzeitarchivierung gewährleistet</subfield>
   <subfield code="f">SSG</subfield>
   <subfield code="x">XA-DE-BW</subfield>
   <subfield code="2">pdager</subfield>
   <subfield code="5">DE-16</subfield>
  </datafield>
  <datafield tag="600" ind1="1" ind2="0">
   <subfield code="a">Michelangelo Buonarroti</subfield>
   <subfield code="d">1475-1564</subfield>
   <subfield code="x">Criticism and interpretation</subfield>
  </datafield>
  <datafield tag="610" ind1="1" ind2="0">
   <subfield code="a">Cappella Sistina (Vatican Palace, Vatican City)</subfield>
  </datafield>
  <datafield tag="650" ind1=" " ind2="0">
   <subfield code="a">Mural painting and decoration, Renaissance</subfield>
   <subfield code="z">Vatican City</subfield>
  </datafield>
  <datafield tag="650" ind1=" " ind2="0">
   <subfield code="a">Mural painting and decoration, Italian</subfield>
   <subfield code="z">Vatican City</subfield>
  </datafield>
  <datafield tag="689" ind1="0" ind2="0">
   <subfield code="d">u</subfield>
   <subfield code="0">(DE-588)1116027879</subfield>
   <subfield code="0">(DE-627)870119524</subfield>
   <subfield code="0">(DE-576)478116551</subfield>
   <subfield code="a">Michelangelo</subfield>
   <subfield code="c">Buonarroti</subfield>
   <subfield code="d">1475-1564</subfield>
   <subfield code="t">Sixtinische Decke</subfield>
   <subfield code="2">gnd</subfield>
  </datafield>
  <datafield tag="689" ind1="0" ind2="1">
   <subfield code="d">s</subfield>
   <subfield code="0">(DE-588)4006632-0</subfield>
   <subfield code="0">(DE-627)10637687X</subfield>
   <subfield code="0">(DE-576)208866361</subfield>
   <subfield code="a">Bildprogramm</subfield>
   <subfield code="2">gnd</subfield>
  </datafield>
  <datafield tag="689" ind1="0" ind2=" ">
   <subfield code="5">DE-101</subfield>
  </datafield>
  <datafield tag="689" ind1="1" ind2="0">
   <subfield code="d">p</subfield>
   <subfield code="0">(DE-588)118582143</subfield>
   <subfield code="0">(DE-627)134581237</subfield>
   <subfield code="0">(DE-576)162231490</subfield>
   <subfield code="a">Michelangelo</subfield>
   <subfield code="c">Buonarroti</subfield>
   <subfield code="d">1475-1564</subfield>
   <subfield code="2">gnd</subfield>
  </datafield>
  <datafield tag="689" ind1="1" ind2="1">
   <subfield code="d">g</subfield>
   <subfield code="0">(DE-588)4104970-6</subfield>
   <subfield code="0">(DE-627)105898848</subfield>
   <subfield code="0">(DE-576)20940146X</subfield>
   <subfield code="a">Sixtinische Kapelle</subfield>
   <subfield code="g">Rom</subfield>
   <subfield code="2">gnd</subfield>
  </datafield>
  <datafield tag="689" ind1="1" ind2="2">
   <subfield code="d">s</subfield>
   <subfield code="0">(DE-588)4011257-3</subfield>
   <subfield code="0">(DE-627)106353616</subfield>
   <subfield code="0">(DE-576)208892591</subfield>
   <subfield code="a">Deckenmalerei</subfield>
   <subfield code="2">gnd</subfield>
  </datafield>
  <datafield tag="689" ind1="1" ind2="3">
   <subfield code="d">s</subfield>
   <subfield code="0">(DE-588)4026535-3</subfield>
   <subfield code="0">(DE-627)104675268</subfield>
   <subfield code="0">(DE-576)208966870</subfield>
   <subfield code="a">Ikonographie</subfield>
   <subfield code="2">gnd</subfield>
  </datafield>
  <datafield tag="689" ind1="1" ind2=" ">
   <subfield code="5">(DE-627)</subfield>
  </datafield>
  <datafield tag="700" ind1="0" ind2=" ">
   <subfield code="a">Michelangelo</subfield>
   <subfield code="c">Buonarroti</subfield>
   <subfield code="d">1475-1564</subfield>
   <subfield code="e">IllustratorIn</subfield>
   <subfield code="0">(DE-588)118582143</subfield>
   <subfield code="0">(DE-627)134581237</subfield>
   <subfield code="0">(DE-576)162231490</subfield>
   <subfield code="4">ill</subfield>
  </datafield>
  <datafield tag="700" ind1="0" ind2=" ">
   <subfield code="a">Michelangelo</subfield>
   <subfield code="c">Buonarroti</subfield>
   <subfield code="d">1475-1564</subfield>
   <subfield code="e">Erwähnte Person</subfield>
   <subfield code="0">(DE-588)118582143</subfield>
   <subfield code="0">(DE-627)134581237</subfield>
   <subfield code="0">(DE-576)162231490</subfield>
   <subfield code="4">oth</subfield>
  </datafield>
  <datafield tag="710" ind1="2" ind2=" ">
   <subfield code="a">Georg-Olms-Verlag</subfield>
   <subfield code="g">Hildesheim u.a.</subfield>
   <subfield code="e">Verlag</subfield>
   <subfield code="0">(DE-588)10154376-1</subfield>
   <subfield code="0">(DE-627)521894107</subfield>
   <subfield code="0">(DE-576)259687421</subfield>
   <subfield code="4">pbl</subfield>
  </datafield>
  <datafield tag="787" ind1="0" ind2="8">
   <subfield code="i">Rezensiert in</subfield>
   <subfield code="a">Poeschel, Sabine, 1956 - </subfield>
   <subfield code="t">[Rezension von: Volker Herzner, Die Sixtinische Kapelle]</subfield>
   <subfield code="d">2018</subfield>
   <subfield code="w">(DE-627)1787108538</subfield>
  </datafield>
  <datafield tag="830" ind1=" " ind2="0">
   <subfield code="a">Studien zur Kunstgeschichte</subfield>
   <subfield code="v">Band 205</subfield>
   <subfield code="9">205</subfield>
   <subfield code="w">(DE-627)129411310</subfield>
   <subfield code="w">(DE-576)005266378</subfield>
   <subfield code="w">(DE-600)188562-5</subfield>
   <subfield code="x">0175-9558</subfield>
   <subfield code="7">ns</subfield>
  </datafield>
  <datafield tag="856" ind1="4" ind2="2">
   <subfield code="u">http://d-nb.info/1078035024/04</subfield>
   <subfield code="m">B:DE-101</subfield>
   <subfield code="q">pdf/application</subfield>
   <subfield code="v">20161009003401</subfield>
   <subfield code="x">Verlag</subfield>
   <subfield code="3">Inhaltsverzeichnis</subfield>
  </datafield>
  <datafield tag="856" ind1="4" ind2="2">
   <subfield code="u">http://deposit.dnb.de/cgi-bin/dokserv?id=462730644cb64133b20c2ac04605527e&amp;prov=M&amp;dok_var=1&amp;dok_ext=htm</subfield>
   <subfield code="m">X:MVB</subfield>
   <subfield code="q">text/html</subfield>
   <subfield code="3">Inhaltstext</subfield>
  </datafield>
  <datafield tag="935" ind1=" " ind2=" ">
   <subfield code="i">sf</subfield>
  </datafield>
  <datafield tag="935" ind1=" " ind2=" ">
   <subfield code="i">Blocktest</subfield>
  </datafield>
  <datafield tag="936" ind1="r" ind2="v">
   <subfield code="a">LI 59409</subfield>
   <subfield code="b">Monographien und Bildbände zu einzelnen Kunstwerken</subfield>
   <subfield code="k">Kunstgeschichte</subfield>
   <subfield code="k">Künstler-Monografien</subfield>
   <subfield code="k">Alphabetische Künstlerliste</subfield>
   <subfield code="k">Künstler M</subfield>
   <subfield code="k">Michelangelo Buonarroti (bis 59410)</subfield>
   <subfield code="k">Monographien und Bildbände zu einzelnen Kunstwerken</subfield>
   <subfield code="0">(DE-627)1270637657</subfield>
   <subfield code="0">(DE-625)rvk/96649:13214</subfield>
   <subfield code="0">(DE-576)200637657</subfield>
  </datafield>
  <datafield tag="936" ind1="b" ind2="k">
   <subfield code="a">21.11</subfield>
   <subfield code="j">Wandmalerei</subfield>
   <subfield code="0">(DE-627)10642176X</subfield>
  </datafield>
  <datafield tag="936" ind1="b" ind2="k">
   <subfield code="a">21.70</subfield>
   <subfield code="j">Geschichte der Sakralbaukunst</subfield>
   <subfield code="0">(DE-627)106421255</subfield>
  </datafield>
  <datafield tag="936" ind1="b" ind2="k">
   <subfield code="a">20.31</subfield>
   <subfield code="j">Bildende Künstler</subfield>
   <subfield code="0">(DE-627)181571080</subfield>
  </datafield>
  <datafield tag="951" ind1=" " ind2=" ">
   <subfield code="a">BO</subfield>
  </datafield>
  <datafield tag="990" ind1=" " ind2=" ">
   <subfield code="a">Michelangelo &lt;Buonarroti&gt; / Sixtinische Decke</subfield>
  </datafield>
  <datafield tag="990" ind1=" " ind2=" ">
   <subfield code="a">Bildprogramm</subfield>
  </datafield>
  <datafield tag="990" ind1=" " ind2=" ">
   <subfield code="a">Michelangelo &lt;Buonarroti&gt; </subfield>
  </datafield>
  <datafield tag="990" ind1=" " ind2=" ">
   <subfield code="a">Sixtinische Kapelle</subfield>
  </datafield>
  <datafield tag="990" ind1=" " ind2=" ">
   <subfield code="a">Deckenmalerei</subfield>
  </datafield>
  <datafield tag="990" ind1=" " ind2=" ">
   <subfield code="a">Ikonographie</subfield>
  </datafield>
  <datafield tag="991" ind1=" " ind2=" ">
   <subfield code="a">Rezensiertes Werk</subfield>
  </datafield>
  <datafield tag="999" ind1=" " ind2=" ">
   <subfield code="a">KXP-PPN827774036</subfield>
   <subfield code="e">4108003500</subfield>
  </datafield>
 </record>
</collection>
